000
00315nam a2200109Ia 4500
008
200302s9999 xx 000 0 und d
100
_a
Ulrike passe and other
245
_a
Dsigning spaces for natural ventilation an architect's guide
260
_b
Taylor and Francis Group Publishing
260
_c
2015
300
_a
341
999
_c
6495
_d
6495